Music Quiz

Random Music or Lyrics Quiz

Moves Like Jagger Quiz Stats

Quiz not verified by Sporcle

Also try: '80s Song Pairs
Challenge
Share
Tweet
Embed
Score 0/31 Timer 06:00
0 Plays Today
Part 1 Part 2 % Correct
i don't need to try to control you
82.2%
just shoot for the starsif it feels right
75.7%
kiss me till you're drunkand i'll show you
70.4%
kiss me till you're drunkand i'll show you
70.4%
and take me away, make it okayi swear i'll behave
67.5%
i've got the mooooveslike jagger
67.5%
i've got the mooooveslike jagger
67.5%
i've got the mooooveslike jagger
67.5%
i don't give a sh*tand it goes like this
65.7%
i'll take it from hereand it goes like this
65.7%
then aim for my heartif you feel like
60.4%
take me by the tongueand i'll know you
55%
take me by the tongueand i'll know you
55%
you say i'm a kidmy ego is big
53.8%
you want the moves like jaggeri've got the moves like jagger
50.3%
with them moves like jaggeri've got the moves like jagger
50.3%
Part 1 Part 2 % Correct
you want the move like jaggeri've got the moves like jagger
50.3%
you wanted controlso we waited
47.3%
i've got the mooooveslike jagger
43.8%
i don't need to try to control youlook into my eyes and i'll own you
43.2%
i put on a shownow i make it
32%
wherever you wantget inside it
31.4%
i make you believethat i've got the key
30.8%
so get in the carwe can ride it
29%
you wanna knowhow to make me smile
24.9%
and you wanna steerbut i'm shifting gears
21.9%
you're gonna have to keep itnobody else can see this
18.9%
nothing feels rightbut when you're with me
16%
take control, own me just for the nightand if i share my secret
16%
so watch and learni won't show you twice
8.3%
maybe it's hardwhen you feel broken and scarred
3.6%

You're not logged in!

Compare scores with friends on all Sporcle quizzes.
Join for Free
OR
Log In

You Might Also Like...

Show Comments

Extras

Top Quizzes Today


Score Distribution

Your Account Isn't Verified!

In order to create a playlist on Sporcle, you need to verify the email address you used during registration. Go to your Sporcle Settings to finish the process.

Report this User

Report this user for behavior that violates our Community Guidelines.

Details: